Biblioteca

La Gran Omisión : lo que la Biblia dice acerca de la evangelización mundial / Robertson Mcquilkin ; traducido por Elizabeth Cantú de Márquez (Registro nro. 44850)

Detalles MARC
000 -LÍDER
Campo fijo de descripción fija 009530000a22002170004500
020 ## - NÚMERO INTERNACIONAL NORMALIZADO PARA LIBROS
Número Internacional Normalizado del libro 968-6529-79-9
041 0# - CÓDIGO DE IDIOMA
Código de idioma para texto/pista de sonido o título separado
082 04 - NÚMERO DE CLASIFICACIÓN DECIMAL DEWEY
Número de clasificación G 266.04 M4789g
001 - NÚMERO DE CONTROL
Campo de control 18412
100 1# - ASIENTO PRINCIPAL--NOMBRE PERSONAL
Nombre personal McQuilkin, Robertson
245 10 - TÍTULO
Título del Material La Gran Omisión : lo que la Biblia dice acerca de la evangelización mundial / Robertson Mcquilkin ; traducido por Elizabeth Cantú de Márquez
260 ## - PUBLICACIÓN, DISTRIBUCIÓN, ETC. (PIE DE IMPRENTA)
Lugar de publicación, distribución, etc. Puebla, México / Las Américas
300 ## - DESCRIPCIÓN FÍSICA
Extensión 93 p.
336 ## - CONTENT TYPE
Content type term texto
Content type code txt
Source rdacontent
337 ## - MEDIA TYPE
Source rdamedia
Media type term sin mediación
Media type code n
338 ## - CARRIER TYPE
Source rdacarrier
Carrier type term volumen
Carrier type code nc
501 ## - NOTA DE “CON”
Nota de Contenido rústico
505 00 - NOTA DE CONTENIDO
Nota de contenido con formato preestablecido Tres amores: amor por uno mismo, amor por los demás, amor por Dios -- Viendo las cosas desde las perspectivas de Dios: ¿Qué desea Dios?, ¿Cómo es Dios? -- Perdidos -- Pérdida de poder -- ¿Quién llama?
650 14 - ASIENTO SECUNDARIO DE MATERIA - TERMINO TEMÁTICO
Término temático o nombre geográfico como elemento de entrada IGLESIA - MISIONES \ EVANGELIZACION \ TEOLOGIA DE LA MISION \ VOCACION MISIONERA \ MISIONOLOGIA EVANGELICA \ MISIONOLOGIA
942 ## - TIPO DE MATERIAL (KOHA)
Tipo de Item KOHA Libros General
Existencias
Estado de Material Estado de Perdido Estado de Dañado No para Préstamo Colección Tomo Biblioteca de Origen Biblioteca Permanente Fecha de Adquisición Total de Préstamos Signatura Topográfica Código de Barras Última vez visto Ejemplar/Existencia Fecha de Remplazo Tipo de Material
        Colección General   Biblioteca FUSBC Biblioteca FUSBC 05/06/2014   G 266.04 M4789g 18407 12/12/2019 2016-12-02 26/01/2016 Libros General

Biblioteca FUSBC | Teléfono: (57+4) 349 88 10 Ext. 141| WhatsApp (+57) 3005338115 
E-mail: biblioteca@unisbc.edu.co | Calle 76 87-14 Robledo Palenque, Medellín, Colombia

Con tecnología Koha